000 01001nam a2200265Ia 4500
003 OSt
005 20221005110139.0
006 a|||||r|||| 00| 0
007 ta
008 221004b |||||||| |||| 00| 0 hin d
020 _a8126006749 (hbk)
_c375
024 _a93076
037 _b493, 19/03/2009, Vani Prakashan
_cTextual
040 _aCRL
_cCRL
_bhin
041 _2hin
_ahin
082 _aO152,1N177x, P9
100 _aशास्त्री, त्रिलोचन, संपा.
245 0 _aमुक्तिबोध की कविताएॅं
246 _aMuktibodh kī kavitāeॅan
260 _aनई दिल्ली
_bसाहित्य अकादेमी भारत
_c2009
300 _a191पृ0
_ccm.
650 _aहिन्दी साहित्य
942 _hO152,1N177x, P9
_cTEXL
_2cc
999 _c1017944
_d1017944